Click the Hairstyles Quiz Stats

 Plays Quiz Updated Oct 23, 2017

Also try: Hollywood Hair
Challenge
Share
Tweet
Score 0/12 Timer 03:00
0 Plays Today
% Correct
Afro
97.9%
Mohawk
97%
Cornrows
96.7%
Beehive
94.1%
Flattop
94%
Crew Cut
94%
Mullet
92.1%
Bob
89.7%
Dreadlocks
78%
Pompadour
76.6%
Duck Tail
71.5%
Faux Hawk
52.9%

You're not logged in!

Compare scores with friends on all Sporcle quizzes.
Join for Free
OR
Log In

You Might Also Like...

Show Comments

Extras

Top Quizzes Today


Score Distribution

Your Account Isn't Verified!

In order to create a playlist on Sporcle, you need to verify the email address you used during registration. Go to your Sporcle Settings to finish the process.

Report this User

Report this user for behavior that violates our Community Guidelines.

Details: